ბათუმის შოთა რუსთაველის სახელმწიფო უნივერსიტეტის ბიბლიოთეკა

მტერთან პირისპირ (ბიბ.ჩანაწერი № 50117)

000 -LEADER
fixed length control field 00777nam a2200217Ia 4500
001 - CONTROL NUMBER
control field 17055
003 - CONTROL NUMBER IDENTIFIER
control field GE_BSU
008 - FIXED-LENGTH DATA ELEMENTS--GENERAL INFORMATION
fixed length control field 181216s||||||||xx |||||||||||||| ||und||
040 ## - CATALOGING SOURCE
Transcribing agency GE_BSU
080 ## - UNIVERSAL DECIMAL CLASSIFICATION NUMBER
Universal Decimal Classification number 821.353.1-32 + 821.161.1-32+ 351.746.1(47+57)
245 ## - TITLE STATEMENT
Title მტერთან პირისპირ
245 ## - TITLE STATEMENT
Remainder of title დოკ. მოთხრობები
245 ## - TITLE STATEMENT
Statement of responsibility, etc. რედ.გენერალ-მაიორი ნ. შ.მაისურაძე. რედ. ნ. მაძაღუა
260 ## - PUBLICATION, DISTRIBUTION, ETC.
Place of publication, distribution, etc. თბილისი
260 ## - PUBLICATION, DISTRIBUTION, ETC.
Name of publisher, distributor, etc. მერანი
260 ## - PUBLICATION, DISTRIBUTION, ETC.
Date of publication, distribution, etc. 1985
300 ## - PHYSICAL DESCRIPTION
Extent 500გვ. : ილ. ; 20სმ
653 ## - INDEX TERM--UNCONTROLLED
Uncontrolled term დოკ. მოთხრობები
653 ## - INDEX TERM--UNCONTROLLED
Uncontrolled term მტერთან პირისპირ
942 ## - ADDED ENTRY ELEMENTS (KOHA)
Koha item type წიგნი
ეგზემპლარები
Withdrawn status Lost status Damaged status Not for loan Date acquired Barcode Date last seen Price effective from Koha item type
        2018-12-17 21538 2018-12-17 2018-12-17 წიგნი
        2018-12-17 21825 2018-12-17 2018-12-17 წიგნი